[Event "Moscow"]
[Site "Moscow"]
[Date "1981.04.??"]
[Round "7"]
[White "Andersson, Ulf"]
[Black "Balashov, Yuri S"]
[Result "1/2-1/2"]
[WhiteElo "2610"]
[BlackElo "2600"]
[Annotator "Belov,I"]
[PlyCount "79"]
[EventDate "1981.04.08"]
[EventType "tourn"]
[EventRounds "13"]
[EventCountry "URS"]
[EventCategory "15"]
[SourceTitle "MCL"]
[Source "ChessBase"]
[SourceDate "1999.07.01"]
[SourceVersion "1"]
[SourceVersionDate "1999.07.01"]
[SourceQuality "1"]

1. Nf3 Nf6 2. c4 g6 3. Nc3 Bg7 4. e4 d6 5. d4 O-O 6. Be2 e5 7. dxe5 dxe5 8.
Qxd8 Rxd8 9. Bg5 Nbd7 (9... Re8) (9... c6 $5) 10. O-O-O (10. Nd5 c6 11. Ne7+
Kh8 12. Nxc8 Rdxc8 13. O-O-O Nc5 14. Bxf6 Bxf6 15. Bd3 a5 16. Rhe1 Re8 $10 {
Danailov,S-Kasparov,G/Dortmund/1980/}) (10. Rd1 Rf8 11. Nd5 c6 12. Nxf6+ Bxf6
13. Bxf6 Nxf6 14. Nd2 Be6 $10 {Gutop,Y-Vasiukov,E/Moscow/1981/}) 10... Rf8 $8
11. Nd2 (11. Nd5 c6 12. Ne7+ Kh8 13. Be3 Re8 14. Nxc8 Raxc8 15. c5 Bf8 16. b4
b6 $10 {Cvetkovic,S-Kuzmin,A/Linz/1990/0:1 (50) Inf 49/731/}) (11. Ne1 Nc5 12.
f3 c6 13. Nc2 Ne6 14. Be3 Nh5 15. Rd2 Nd4 $15 {Heggheim-Westerinen,H/
Hammerfest/1977/0:1 (41) Inf 24/645/}) 11... c6 12. b4 $5 {/\ c5,Nc4/} a5 (
12... b6 13. Nb3 (13. Be3 Re8) 13... Re8 14. c5 Bf8 15. Be3 $14) 13. a3 Re8 14.
Kb2 Nf8 (14... b6 $5 15. Nb3 Bf8 $13) 15. c5 $14 Ne6 16. Bxf6 $5 (16. Be3 Nd4
17. Nc4 $140 $2 Nxe2) 16... Bxf6 17. Nc4 axb4 18. axb4 Nd4 19. Nb6 Rb8 20. Bc4
Bd8 $1 (20... Be6 21. Bxe6 Nxe6 22. Nd7 $18) 21. Ra1 (21. Nba4 Be6 22. Bxe6
Rxe6 $10) 21... Bxb6 22. cxb6 Be6 23. Bxe6 Nxe6 $10 24. Rhd1 Red8 25. Rxd8+
Rxd8 26. Rd1 (26. Ra7 Rd7 $10) 26... Kf8 27. Rxd8+ Nxd8 28. Na4 Ne6 {>< c5/}
29. Kc3 Ke7 30. Nb2 f6 31. Nd3 (31. Nc4 Nd4 32. Na5 Nb5+ 33. Kd3 Nd6 $10) 31...
Nd4 (31... Kd7 $10) 32. Nc5 Nb5+ 33. Kd3 Nd6 $10 34. g3 g5 35. h3 h5 $1 36. Ke2
Kf7 37. f4 Ke7 38. Kf3 Kf7 39. Ke2 Ke7 40. Kf3 1/2-1/2

[Event "World Cup"]
[Site "Barcelona"]
[Date "1989.03.??"]
[Round "3"]
[White "Jussupow, Artur"]
[Black "Kasparov, Garry"]
[Result "1-0"]
[WhiteElo "2610"]
[BlackElo "2775"]
[Annotator "Bulletin"]
[PlyCount "81"]
[EventDate "1989.03.??"]
[EventType "tourn"]
[EventRounds "17"]
[EventCountry "ESP"]
[EventCategory "15"]
[SourceTitle "CBM 012"]
[Source "ChessBase"]
[SourceDate "1989.10.01"]
[SourceVersion "1"]
[SourceVersionDate "1989.10.01"]
[SourceQuality "1"]

1. Nf3 Nf6 2. c4 g6 3. Nc3 Bg7 4. e4 d6 5. d4 O-O 6. Be2 e5 7. d5 a5 8. Bg5 h6
9. Bh4 Na6 10. Nd2 Qe8 11. O-O Nh7 12. a3 Bd7 13. b3 f5 14. exf5 gxf5 {'!'
Bulletin. Bulletin: 'N'} (14... Bxf5 $6 15. g4 $6 {/\ 15...Bd7 16.Ne4!+/=} (15.
Nde4 $5) 15... e4 $1 16. Rc1 e3 $5 $13) 15. Bh5 Qc8 16. Be7 Re8 {'!' Bulletin.}
17. Bxe8 {'!?' Bulletin.} (17. Bh4 $10 Rf8 18. Be7 Re8 19. Bh4 $10) 17... Qxe8
18. Bh4 e4 {'!' Bulletin.} 19. Qc2 {'?!' Bulletin.} (19. Rc1 $5 Nc5 $1 {
/\ ...Nd3}) (19. Ne2 $2 Bxa1 20. Qxa1 Qh5 $1 $19) 19... Qh5 {'!' Bulletin.} 20.
Bg3 Rf8 {'!' Bulletin.} 21. Bf4 {'?!' Bulletin.} (21. f4 $5 {>< g5; ! oder ?!}
Bd4+ $5 (21... Nc5 $6 22. Rfd1 Nd3 23. Nf1 $1) 22. Kh1 Nf6 $40 {Knaak}) 21...
Qg4 {'!' Bulletin.} 22. g3 Ng5 {'!' Bulletin.} 23. Kh1 {'?!' Bulletin.} (23.
Bxg5 $5 hxg5 $40 24. f3 $5) 23... Nf3 24. Rac1 Nc5 25. Nxf3 Qxf3+ 26. Kg1 Nd3
27. Qd2 Bd4 {'!' Bulletin.} 28. Rc2 (28. Qe2 Nxf4 29. Qxf3 (29. gxf4 Qxf4 30.
Kh1 Be5 31. Rg1+ Kh7 32. Qh5 Be8 $44) 29... Nh3+ 30. Kg2 exf3+ 31. Kxh3 f4+ 32.
g4 Kh7 33. Ne4 Rg8 34. Rg1 h5 35. Kh4 hxg4 $17) 28... Kh7 29. h3 Rg8 30. Kh2
Qh5 {'(+)!' Bulletin. Bulletin: '4 Minuten noch auf der Uhr'} (30... Nxf4 $1
31. Qxf4 Qd3 $1 32. Ne2 $1 Bc5 $1 33. Qd2 Qxb3 {/\ ...Bxa3}) 31. Nd1 (31. Qe2
Nxf4 32. gxf4 Qg6 33. f3 Qg3+ $19) 31... Ne5 {'?' Bulletin.} (31... Nxf4 $1 32.
Qxf4 (32. gxf4 Qg6 33. Ne3 Bxe3 34. fxe3 Qg3+ 35. Kh1 Qxh3+ 36. Qh2 Qxf1+ $19)
32... Be5 33. Qe3 f4 $19) 32. f3 {'!' Bulletin.} Nd3 {'?!' Bulletin.} (32...
Qxf3 $1 33. Bxe5 (33. Rxf3 Nxf3+ 34. Kg2 Nxd2 35. Rxd2 Bc5 $17) 33... Qxf1 34.
Bxd4 f4 35. g4 Bxg4 36. hxg4 Rxg4 37. Qf2 Qxd1 $17) 33. Ne3 {'?!' Bulletin.} (
33. Rc3 {>< h3} Nxf4 34. gxf4 Qg6 $1 (34... Qh4 $2 35. fxe4 $1) 35. Kh1 $1 Bxc3
36. Nxc3 Qg3 37. Qh2 exf3 38. Qxg3 Rxg3 39. Rf2 Rxh3+ 40. Kg1 Kg6 41. Nd1 $44)
33... Nxf4 34. gxf4 Bb6 {'??' Bulletin.} (34... Qh4 $1 $19 35. Qxd4 (35. Ng2
Qg3+ 36. Kh1 Qxh3#) (35. Rg1 Rxg1 36. Kxg1 Qg3+ 37. Kf1 Qxf3+ $19) (35. Qf2
Qxf4+ $19) 35... Rg3 $1 36. Ng2 (36. Kh1 Rxh3+ 37. Kg2 Rh2+ 38. Kg1 Rh1+ 39.
Kg2 Qh2#) 36... Rxh3+ 37. Kg1 Rh1#) 35. Qf2 Qg6 {'?' Bulletin.} (35... exf3 $1
36. Qxf3 Qxf3 37. Rxf3 Re8 38. Ng2 Re4 39. b4 axb4 40. axb4 Bd4 41. Ra3 Kg6 42.
Ra8 Kf7 {Kann Weiß gewinnen?}) 36. Re2 Bc5 {'?' Bulletin.} (36... Re8 $1 37.
Rg1 Qf7 {mit guten Remischancen?}) 37. fxe4 fxe4 {'?' Bulletin. Bulletin: '>=
37...Re8'} 38. f5 Qh5 39. Rd2 Rg5 40. Qf4 Qe8 41. Ng4 1-0

[Event "Tilburg"]
[Site "Tilburg"]
[Date "1991.??.??"]
[Round "4"]
[White "Bareev, Evgeny"]
[Black "Kasparov, Garry"]
[Result "0-1"]
[WhiteElo "2680"]
[BlackElo "2770"]
[Annotator "Anand,V"]
[PlyCount "90"]
[EventDate "1991.10.??"]
[EventType "tourn"]
[EventRounds "14"]
[EventCountry "NED"]
[EventCategory "17"]
[SourceTitle "CBM 026"]
[Source "ChessBase"]
[SourceDate "1992.02.01"]
[SourceVersion "1"]
[SourceVersionDate "1992.02.01"]
[SourceQuality "1"]

1. d4 Nf6 2. c4 g6 3. Nc3 Bg7 4. e4 d6 5. Be2 O-O 6. Nf3 e5 7. d5 a5 8. Be3 $6
{If white wants to play this he should play 7.Be3 c6 and then 8.d5} Ng4 9. Bg5
f6 10. Bh4 Na6 11. Nd2 h5 12. a3 (12. Bg3 $15) 12... Bd7 13. h3 Nh6 14. Rb1 Nc5
15. b4 (15. b3) 15... axb4 16. axb4 Na4 17. Qc2 Nxc3 18. Qxc3 g5 19. Bg3 h4 20.
Bh2 f5 $17 21. c5 g4 $1 22. c6 Bc8 (22... bxc6 23. dxc6 Be6 24. Bc4 d5) 23.
hxg4 fxg4 24. cxb7 Bxb7 25. O-O Qg5 26. Ra1 Rxa1 27. Rxa1 Bxd5 $1 28. Ra7 Be6
29. Rxc7 Qf6 30. Qe3 Nf7 31. Bc4 Bh6 32. Qe2 Bxd2 33. Bxe6 Qxe6 34. Qxd2 Qb3
35. Kh1 Qb1+ 36. Bg1 Qxe4 37. Qc2 Qxc2 38. Rxc2 d5 39. b5 d4 $19 {burying the
white bishop} 40. f3 g3 41. b6 Rd8 42. Rc6 Nd6 43. Rc7 Rb8 44. Rc6 Nf5 45. Re6
Ne3 (45... Ne3 46. Rxe5 Rxb6 47. Re4 Rb1 $22 48. Rxd4 Nd1 $19) 0-1

[Event "Reggio Emilia-A 9192 34th"]
[Site "Reggio Emilia"]
[Date "1992.??.??"]
[Round "4"]
[White "Kasparov, Garry"]
[Black "Ivanchuk, Vassily"]
[Result "1-0"]
[WhiteElo "2770"]
[BlackElo "2735"]
[Annotator "Knaak,R"]
[PlyCount "63"]
[EventDate "1991.12.??"]
[EventType "tourn"]
[EventRounds "9"]
[EventCountry "ITA"]
[EventCategory "18"]
[SourceTitle "CBM 027"]
[Source "ChessBase"]
[SourceDate "1992.04.01"]
[SourceVersion "1"]
[SourceVersionDate "1992.04.01"]
[SourceQuality "1"]

1. c4 Nf6 2. Nf3 g6 3. Nc3 Bg7 4. e4 O-O 5. d4 d6 6. Be2 e5 7. Be3 c6 8. Qd2 {N
} Nbd7 9. Rd1 Re8 (9... Ng4 10. Bg5 f6 11. Bh4 Qe8 (11... Nh6 $2 12. dxe5 dxe5
13. Nxe5 g5 14. Nxd7 $18) 12. d5 {>< Pd6}) 10. d5 cxd5 11. cxd5 a6 12. O-O b5
$2 (12... Ng4 13. Bg5 f6 14. Bh4 h5 15. Ne1 (15. h3 Nh6 $10) 15... Qb6 16. Kh1
Nf8 17. h3 (17. f3 $2 Ne3 $19) 17... Nh6 18. f3 $13) 13. Qc2 Nb6 14. a4 $1 bxa4
15. Nxa4 Nxa4 16. Qxa4 Rb8 17. Nd2 Ng4 (17... Rxb2 18. Bxa6 $16) 18. Ba7 Rxb2 (
18... Ra8 19. Bb6 $1 Bd7 20. Qa5 $16) 19. Bxa6 $16 {>< Pd6} Re7 20. Bxc8 Qxc8
21. h3 Qa8 22. Ra1 Nf6 (22... Rbb7 23. Qc6 $1 Rec7 24. Bb6 $1 $18 {'64'}) 23.
Nc4 Rbb7 24. Be3 Qb8 (24... Qxa4 25. Rxa4 Ne8 (25... Nxe4 $2 26. Ra8+ Bf8 27.
Bh6 $18) 26. Ra8 Bf8 $16) 25. Na5 $18 Rb4 26. Qd1 Rxe4 27. Nc6 Qf8 28. Nxe7+
Qxe7 29. Ra8+ Bf8 30. Qf3 Rxe3 (30... Rc4 31. Bg5) 31. fxe3 Nd7 32. Rb1 1-0

[Event "Linares 10th"]
[Site "Linares"]
[Date "1992.??.??"]
[Round "5"]
[White "Gelfand, Boris"]
[Black "Kasparov, Garry"]
[Result "0-1"]
[WhiteElo "2665"]
[BlackElo "2780"]
[Annotator "Hansen,Cu"]
[PlyCount "120"]
[EventDate "1992.02.??"]
[EventType "tourn"]
[EventRounds "13"]
[EventCountry "ESP"]
[EventCategory "17"]
[SourceTitle "CBM 028"]
[Source "ChessBase"]
[SourceDate "1992.06.01"]
[SourceVersion "1"]
[SourceVersionDate "1992.06.01"]
[SourceQuality "1"]

1. d4 Nf6 2. c4 g6 3. Nc3 Bg7 4. e4 d6 5. Be2 O-O 6. Nf3 e5 7. Be3 c6 8. Qd2
exd4 $5 (8... Nbd7 9. Rd1 Re8 10. d5 cxd5 11. cxd5 a6 12. O-O (12. Qc2 Qc7 13.
Nd2 b5 14. Rc1 $14 {Hansen,LB-Wahls Tastrup 1992}) 12... b5 13. Qc2 Nb6 14. a4
$14 {Kasparov-Ivanchuk Reggio Emilia 1991-92}) 9. Nxd4 Re8 10. f3 d5 11. exd5
cxd5 12. O-O {"normal" moveorder: 7.Le3 exd4 8.Sxd4 Te8 9.f3 c6 10.Dd2 d5 11.
exd5 cxd5 12.0-0 (Karpov-Kasparov VM 1990 New York/Lyon (11))} Nc6 13. c5 Rxe3
14. Qxe3 Qf8 15. Ncb5 (15. Nxc6 bxc6 16. Kh1 Rb8 $44 {Karpov-Kasparov VM(11)
1990}) 15... Qxc5 16. Rac1 Qb6 17. Qf2 Bd7 18. Rfd1 (18. Nb3 Bh6 $1 (18... Ne8
$6 19. Nc3 d4 20. Na4 Qd8 21. Nac5 $16 {Finegold-Rechel Gronningen(open) 1990})
19. Rc3 Re8 20. Qxb6 axb6 21. Kf2 d4 22. N3xd4 Nd5 $40 {Finegold-Schandorff
Kerteminde 1991}) 18... Re8 19. Bf1 Bh6 20. Rc3 Nb4 21. Nc2 $17 (21. a3 Na2 22.
Rb3 a6 23. Nc3 Qxb3 24. Nxb3 Nxc3 $17 25. bxc3 Be3) 21... Qxf2+ 22. Kxf2 Nxc2
23. Rxc2 Be3+ 24. Ke1 Bf4+ 25. Kf2 Be3+ 26. Ke1 Bg1+ 27. Kd2 Bxh2 28. Re1 Rd8
29. Kd1 Bf4 30. Nd4 a6 31. Bd3 h5 32. Rc3 h4 {><g3,><f4} 33. Bc2 Bg3 34. Re2
Kg7 35. Rb3 Rb8 36. Rd2 b5 37. Ra3 Rb6 38. b4 Bd6 39. Rb3 Nh5 40. Ne2 Be6 41.
a3 g5 42. Nd4 Kf6 43. Nxe6 fxe6 44. Bd3 Nf4 45. Rc3 d4 46. Rc8 Nd5 47. Ke2 Bf4
48. Rdc2 Ne3 49. Kf2 (49. R2c6 Rxc6 50. Rxc6 Nxg2 51. Kf2 Ne3 $19 {/\h4-h3-h2})
49... Bg3+ 50. Kg1 Nxc2 51. Rxc2 g4 52. fxg4 Kg5 53. Kf1 (53. Re2 Rc6 {/\Rc1})
53... e5 54. Ke2 Kxg4 55. Rc8 Rf6 56. Be4 Rf2+ 57. Kd3 Bf4 58. Rg8+ Kh5 59. Bd5
Bg5 60. Ke4 Rxg2 {Adjourned. White resigned. Hansen,C} 0-1

[Event "Groningen PCA"]
[Site "Groningen"]
[Date "1993.??.??"]
[Round "7"]
[White "Vyzmanavin, Alexey"]
[Black "Dolmatov, Sergey"]
[Result "1/2-1/2"]
[WhiteElo "2605"]
[BlackElo "2630"]
[Annotator "Belov,I"]
[PlyCount "46"]
[EventDate "1993.12.??"]
[EventType "swiss"]
[EventRounds "11"]
[EventCountry "NED"]
[SourceTitle "CBM 039"]
[Source "ChessBase"]
[SourceDate "1994.04.01"]
[SourceVersion "1"]
[SourceVersionDate "1994.04.01"]
[SourceQuality "1"]

1. d4 Nf6 2. c4 g6 3. Nc3 Bg7 4. e4 d6 5. h3 O-O 6. Bg5 Nbd7 7. Nf3 (7. Bd3 e5
8. d5 c6 (8... Nc5 9. Bc2 a5 10. g4 $14) 9. g4 Qa5 10. Bd2 Nc5 11. Bc2 Qb6 12.
Rb1 cxd5 13. cxd5 a5 14. Qf3 $1 Bd7 15. Nge2 $14 {Partos-Kristigi/ALB/1967/
Inf 4/803/}) 7... e5 8. d5 a5 (8... h6 9. Be3 Nc5 10. Nd2 a5 11. Be2 (11. g4
Bd7 12. Qc2 h5 13. f3 Nh7 $10 {Gheorghiu,F-Stein,L/Hastings/1967/}) 11... c6 (
11... Bd7 12. O-O c6 13. Rb1 (13. a3 a4 14. Bxc5 dxc5 15. Nxa4 cxd5 16. Nxc5
dxe4 $13 {Yermolinsky,A-Meyer,E/New York/1991/1:0 (37) Inf 52/621/}) 13... Qe8
14. b4 cxd5 $1 15. cxd5 Na4 16. Qb3 axb4 17. Qxb4 Nxc3 18. Qxc3 Rxa2 19. Rxb7
Qa8 $14 {Gulko,B-Fedorowicz,J/USA(ch)/1992/1:0 (56) Inf 56/679/}) 12. a3 Ne8
13. b4 axb4 14. axb4 Rxa1 15. Qxa1 Na6 16. Qa3 $14 {Suba,M-Dolmatov,S/Sevilla/
1993/0:1 (39) Inf 58/645/}) 9. Be2 (9. g4 Nc5 10. Nd2 Bd7 (10... c6 11. Be2 Bd7
12. Nb3 Nxb3 13. Qxb3 Qc7 14. O-O-O a4 15. Qa3 c5 16. Rdg1 $14 {Larsen,
B-Gligoric,S/San Antonio/1972/}) 11. Qf3 $1 h6 12. Bh4 g5 13. Bg3 Ne8 $5 14.
Be2 Bf6 15. Nf1 Ng7 16. Ne3 $14 {Skembris,S-Kofidis,A/Komotini/1993/1:0 (43)
Inf 58/645/}) (9. Nd2 Nc5 10. Be2 Bd7 (10... c6 $5 {/\a4/}) 11. b3 c6 12. a3
Qb6 13. Rb1 cxd5 14. cxd5 Rfc8 15. O-O Qc7 16. Rc1 Qb8 17. a4 $14 {Larsen,
B-Gligoric,S/Monte Carlo/1967/ Inf 3/694/} Na6 $5) 9... Nc5 10. Nd2 c6 11. O-O
(11. g4 a4 $5 {/\Qa5/}) (11. b3 Bd7 12. a3 Na6 $1 13. O-O h6 14. Be3 c5 15. Qc2
Ne8 16. Rae1 f5 17. exf5 gxf5 18. f4 e4 $13 {Krasenkov,M-Belov,I/Rostov/1993/1:
0 (62) Inf 58/645/}) (11. Rb1 $5) 11... Bd7 12. Nb3 Nxb3 13. axb3 (13. Qxb3 Qc7
14. Qd1 (14. Qc2 cxd5 15. cxd5 b5 $10) 14... h6 15. Be3 c5 $10) 13... h6 (13...
c5 14. Qd2 $1 $14) 14. Be3 c5 15. Qd2 Kh7 16. Rae1 Qe7 (16... Ne8 $5 17. Bd1 f5
18. exf5 gxf5 19. f4 e4 20. Kh2 Qe7 21. Bc2 Nf6 $10) 17. Bd1 Be8 $6 (17... Ng8
$5 {/\h5,Bh6/}) 18. Kh2 Bd7 19. g3 $14 Ng8 20. Bc2 Rae8 21. f3 (21. f4 $5 h5
22. Qg2 $14) 21... b6 22. Qg2 h5 $1 23. f4 Bh6 (23... Bh6 24. fxe5 Bxe3 25.
Rxe3 (25. exd6 $2 Qg5) 25... Qxe5 $15) (23... Bh6 24. f5 Bxe3 25. Rxe3 Qg5 26.
Ref3 Nf6 $10) (23... Bh6 24. Bc1 $5 $14 {/\25.fe Bc1 26.ed; 25...Qe5 26.Bf4+/-/
}) 1/2-1/2

[Event "Linares 12th"]
[Site "Linares"]
[Date "1994.??.??"]
[Round "1"]
[White "Kramnik, Vladimir"]
[Black "Gelfand, Boris"]
[Result "1/2-1/2"]
[WhiteElo "2710"]
[BlackElo "2685"]
[Annotator "Gelfand,B"]
[PlyCount "82"]
[EventDate "1994.02.??"]
[EventType "tourn"]
[EventRounds "13"]
[EventCountry "ESP"]
[EventCategory "18"]
[SourceTitle "CBM 040"]
[Source "ChessBase"]
[SourceDate "1994.06.01"]
[SourceVersion "1"]
[SourceVersionDate "1994.06.01"]
[SourceQuality "1"]

1. Nf3 Nf6 2. c4 g6 3. Nc3 Bg7 4. e4 d6 5. d4 O-O 6. Be2 e5 7. d5 a5 8. Bg5 h6
9. Bh4 Na6 10. O-O Qe8 11. Nd2 Nh7 12. a3 Bd7 13. Kh1 $5 h5 (13... a4) 14. f3
Bh6 15. b3 Be3 16. Qc2 $5 (16. Rb1) 16... f5 (16... c6 {Illescas,M-Gelfand,B/
Linares/1994/}) 17. exf5 gxf5 (17... Bxf5 18. Bd3 $16) 18. Bf2 (18. Bd3 Nc5)
18... Bxf2 (18... Bd4 19. Rae1 $14 Nc5 $140 20. Bxd4 exd4 21. Bd3) 19. Rxf2 Nf6
20. Rg1 Kh8 (20... Qg6 $2 21. g4 $1 $16) (20... c6 21. Bd3 $1 e4 (21... Qg6 22.
g4 $1) 22. fxe4 Ng4 23. Re2 $16) 21. Qb2 (21. Bd3 Qg6 {/\ Nc5}) 21... Nc5 (
21... c6 22. f4 $5 exf4 $6 23. Rxf4 Qe5 24. Rh4 $16) 22. b4 axb4 23. axb4 Na4
24. Nxa4 Rxa4 25. Bd1 Ra8 (25... Ra7 26. f4 exf4 27. Re2 Qg6 28. Qd4 $16) 26.
f4 exf4 27. Re2 (27. Rxf4 Qe5 $15) 27... Qg6 (27... Qf7 $5 28. Qd4 (28. Rge1
Rae8 $1 29. Rxe8 Rxe8 30. Rxe8+ Bxe8 31. Bxh5 $2 Qe7 $1 32. Be2 $15) 28... Qg7
29. Qxf4 b5 $5 $13) 28. Re7 (28. Qd4 Qh6 $13) 28... Rf7 (28... Kg8 29. g3 $5
$36) 29. Rxf7 Qxf7 30. Qd4 (30. Bxh5 $6 Qg7 31. Bf3 Ng4 $15) 30... Qg7 31. Qxf4
Kh7 $6 (31... Ra1 32. b5 $1 Ng4 33. Bxg4 (33. h3 $5) 33... hxg4 34. Rxa1 Qxa1+
35. Nf1 $16) (31... b5 $142 $1 32. c5 dxc5 (32... Nxd5 33. Qf3 c6 34. cxd6 Nxb4
(34... Qg6 35. Nb3 $36) 35. Nb3 $36) 33. Qxc7 (33. bxc5 Nxd5 34. Qf3 c6 35.
Qxh5+ Qh7 $132) 33... cxb4 $13) 32. Re1 $6 (32. b5 $1 {/\ b5-b6} b6 33. Re1 $16
) 32... Ra1 33. h3 $6 (33. b5 $5 Ng4 34. h3 Ne5 35. Qh4 Be8 36. Nf3 $36) 33...
b5 $1 34. Kh2 (34. c5 $5 dxc5 35. bxc5 Nxd5 36. Qf3 c6 (36... Nf6 37. c6 $13)
37. Nb3 Ra2 38. Qxh5+ Qh6 $13) 34... bxc4 35. Nxc4 (35. Qxc4 $2 Ba4 36. Nb3 Ne4
$17) 35... Nxd5 36. Qh4 Nf6 (36... Qh6 37. Qd4 Qf4+ 38. Qxf4 Nxf4 39. Re7+ Kh6
40. Rxd7 Rxd1 41. Rxc7 $10) 37. Bxh5 Rxe1 38. Be2+ $1 $8 Qh6 39. Qxe1 Ne4 (
39... Qf4+ $5 40. Kg1 (40. Qg3 $2 Qxg3+ 41. Kxg3 Nd5 $17) 40... Bc6 $5 $36 (
40... d5 41. Qd2 $10)) 40. Bf3 Qf4+ 41. Kg1 Be6 (41... Ng5 $5 42. Qe7+ (42. Be2
Bc6 (42... d5 $5) 43. Bf1 $15) 42... Kg6 43. Be2 (43. Qxd7 Nxf3+ 44. gxf3 Qg3+
$1 $19) 43... Bc6 44. Qe3 $10) (41... Be6 42. Be2 Bxc4 $10) 1/2-1/2

[Event "Linares 12th"]
[Site "Linares"]
[Date "1994.??.??"]
[Round "11"]
[White "Illescas Cordoba, Miguel"]
[Black "Gelfand, Boris"]
[Result "1-0"]
[WhiteElo "2590"]
[BlackElo "2685"]
[Annotator "Kharitonov,A"]
[PlyCount "59"]
[EventDate "1994.02.??"]
[EventType "tourn"]
[EventRounds "13"]
[EventCountry "ESP"]
[EventCategory "18"]
[SourceTitle "CBM 040"]
[Source "ChessBase"]
[SourceDate "1994.06.01"]
[SourceVersion "1"]
[SourceVersionDate "1994.06.01"]
[SourceQuality "1"]

1. Nf3 Nf6 2. c4 g6 3. Nc3 Bg7 4. e4 d6 5. d4 O-O 6. Be2 e5 7. d5 a5 8. Bg5 h6
9. Bh4 Na6 10. O-O Qe8 11. Nd2 Nh7 12. a3 Bd7 13. Kh1 h5 $146 (13... a4 14. Nb5
Bxb5 15. cxb5 Nc5 16. f3 f5 17. Bf2 b6 18. Qc2 (18. b4 $5) 18... Qd7 19. Bxc5
bxc5 20. Bd3 Ng5 21. b4 axb3 22. Qxb3 $14 {Illeskas Cordoba,M-Frolov,A/Biel
(izt)/1993/0,5 (50) Inf 58/652/}) 14. f3 Bh6 15. b3 Be3 (15... f5 $6 16. exf5
gxf5 17. f4 $1 $16) (15... Nc5 16. Rb1) 16. Qc2 c6 17. Bf2 $1 Bxf2 18. Rxf2 $14
Qd8 19. Rff1 Nf6 (19... c5 $5 $14) 20. Qb2 h4 $6 (20... cxd5 21. cxd5 Nc5 22.
b4 axb4 23. axb4 Na4 24. Nxa4 Rxa4 25. Rxa4 Bxa4 26. b5 $16) 21. f4 $1 (21. b4
$2 Nh5 $132) 21... h3 $2 (21... exf4 $5 22. Rxf4 Bc8 {/\Nd7-e5+/=/} 23. Rxh4 g5
24. Rh6 Kg7) 22. g3 $16 Ng4 (22... exf4 23. gxf4 $16) 23. f5 Ne3 (23... Qg5 24.
Bxg4 $1 (24. Nf3 Qe3 $13) 24... Qxg4 25. Qc2 $16) 24. Rf3 Qb6 25. Nf1 $1 Ng4 (
25... Nxf1 26. Bxf1 Nc5 27. Rb1 $18) 26. Qd2 $1 Kg7 (26... Nf2+ 27. Rxf2 Qxf2
28. Ne3 Nc5 29. Rf1 Nxb3 30. Qd3 Nc5 31. Rxf2 Nxd3 32. Bxd3 $18) (26... Qxb3
27. Qg5 $18) 27. Qg5 $18 Nf2+ (27... Nh6 28. g4 $18) (27... Nf6 28. fxg6 fxg6
29. Ne3 $18) 28. Rxf2 Qxf2 29. Ne3 Be8 (29... f6 30. Qxg6+ Kh8 31. Qh6+ Kg8 32.
Rf1 $18) 30. f6+ $1 (30. Rf1 $2 f6 $19) (30. f6+ Kg8 31. Rf1) (30. f6+ Qxf6 31.
Nf5+ $18) 1-0

[Event "Madrid"]
[Site "Madrid"]
[Date "1994.??.??"]
[Round "2"]
[White "Shirov, Alexei"]
[Black "Polgar, Judit"]
[Result "0-1"]
[WhiteElo "2715"]
[BlackElo "2630"]
[Annotator "Polgar,J"]
[PlyCount "80"]
[EventDate "1994.05.??"]
[EventType "tourn"]
[EventRounds "9"]
[EventCountry "ESP"]
[EventCategory "15"]
[SourceTitle "CBM 041"]
[Source "ChessBase"]
[SourceDate "1994.08.01"]
[SourceVersion "1"]
[SourceVersionDate "1994.08.01"]
[SourceQuality "1"]

1. d4 Nf6 2. c4 g6 3. Nc3 Bg7 4. e4 d6 5. Be2 O-O 6. Nf3 e5 7. d5 a5 8. Bg5 {
Shirov has never before played this line, which is a favoured line by Kramnik
and Illescas.} h6 9. Bh4 Na6 10. O-O Qe8 11. Nd2 Nh7 12. a3 Bd7 13. Kh1 (13. b3
{The older line} f5 14. exf5 gxf5 15. Bh5 Qc8 16. Be7 Re8 17. Bxe8 Qxe8 18. Bh4
e4 $15 {Yusupov,A-Kasparov,G/Barcelona WCup/1989/1-0/}) 13... h5 14. f3 Bh6 15.
b3 Qb8 $146 {/\Qa7} (15... Be3 16. Qc2 c6 (16... Qb8) 17. Bf2 $1 Bxf2 18. Rxf2
$14 {Illescas Cordoba,M-Gelfand,B/Linares/1994/1-0/}) 16. Qc2 (16. Bf2) 16...
Be3 17. Bf2 Qa7 18. Bxe3 Qxe3 19. f4 $6 {Too agressiv} (19. Rae1 Qg5 20. Qb2 {
/\b3-b4} Nc5 21. b4 axb4 22. axb4 Na4 23. Nxa4 Rxa4 24. c5) 19... exf4 20. Rae1
Qc5 {Because the white Q is worse on b2 or c1 than on c2.} 21. Qc1 (21. Qb2 Qd4
22. Rxf4 Rae8 {/\Qg7, the pawn structure is better for Black.}) 21... Qd4 22.
Rxf4 Rae8 (22... f5 $2 23. Nf3 Qg7 24. exf5 {/\Nd4}) 23. Rff1 (23. Ref1 Qg7 {
/\Re7,Rfe8} (23... g5 $5 24. R4f2 g4 {/\Qg7,Ng5})) 23... Qg7 24. Qc2 h4 $6 {
Very agressiv. The idea is to play h4-h3 first before playing f7-f5.} (24...
Re7 $142 {/\Rfe8, Qh6, g5 It s better to prepare the push h5-h4.}) 25. Nf3 h3
$2 (25... Qh6 $142 {/\Re7. The situation has improved for White, who can play
Bd3 and Qf2.}) 26. gxh3 $1 {Black misses, that opening the g-file does not
expose the White king, but might well expose the Black king.} Bxh3 (26... f5 $2
27. Rg1 $1) 27. Rg1 Qh6 (27... f5 28. exf5 (28. Nh4 $142 $1) 28... Bxf5 29. Bd3
Bxd3 30. Qxd3 Rxe1 31. Nxe1 $14) 28. Rg3 Kg7 (28... Kh8 29. Reg1 Rg8 {/\Rg7
looks too passive.}) 29. Qb2 $6 {Weakens the e-pawn. The Diagonal a1-g7 is not
so dangerous.} (29. Nd1 $142 Nc5 $2 30. Nf2) 29... Nf6 30. b4 axb4 31. axb4 Bg4
(31... Rh8 32. Reg1 {/\N3-d4-f5}) 32. Nd1 $6 (32. Nd4 $5 Bc8) (32. Reg1 Rh8 $15
) 32... Bxf3+ (32... Rxe4 33. Nf2 Bxf3+ 34. Rxf3 Rf4 35. Rf1 $1 $40 {/\36.Rxf4
Qxf4 37.Ng4 +-} (35. Ng4 $2 Rxg4 36. Rxf6 Qxh2+ $1 {Shirov} 37. Kxh2 Rh8#)) 33.
Bxf3 Rh8 34. Ne3 Kf8 $1 $15 {Unpinning the Nf6.} 35. Ng4 $6 (35. Qxf6 $4 Qxh2#)
(35. Rf1 $5 Nxe4 36. Bxe4 Rxe4 37. Ng4 $132) 35... Nxg4 $17 36. Bxg4 Qg7 37.
Qf2 $2 (37. Qxg7+ $2 Kxg7 38. Rb3 Rh4 39. Bf3 f5 $19) (37. Qd2 $5 Qe5 {=/+/-/+}
) 37... Nxb4 38. Rb1 $2 (38. Rf3 Rh7 39. Rf1 Kg8 40. Bd7 Re7 41. Be6 Na6 $19)
38... Na6 39. Rxb7 Nc5 40. Rxc7 Nxe4 0-1